Gaming Quiz

Random Gaming or Video Games Quiz
Score 0/32 Timer 06:00
0 Plays Today
Nation (Overall) Player % Correct
England (82)Theo Walcott
77.6%
Argentina (94)Lionel Messi
72.4%
Netherlands (90)Arjen Robben
45.1%
England (82)Aaron Lennon
44.4%
Cameroon (88)Samuel Eto'o
40.8%
Ecuador (83)Antonio Valencia
28.5%
England (85)Ashley Young
27.7%
Ivory Coast (82)Seydou Doumbia
26.6%
USA (66)Marvell Wynne
19%
Brazil (86)Dani Alves
18.2%
England (75)Gabriel Agbonlahor
16%
England (76)Kyle Walker
14.9%
France (73)Jonathan Biabiany
13.9%
Japan (71)Ryo Miyaichi
11.1%
England (79)Shaun Wright-Phillips
8.4%
Russia (78)Vladimir Bystrov
6.7%
Nation (Overall) Player % Correct
USA (68)DaMarcus Beasley
5.7%
Burkina Faso (77)Jonathan Pitroipa
5.3%
South Korea (63)Kim Kwang Suk
5.3%
South Korea (67)Lee Seung Hyon
4.9%
Jamaica (68)Dane Richards
4.6%
Kenya (72)Dennis Oliech
3.4%
Ghana (70)Quincy Owusu-Abeyie
3.1%
Mali (71)Jimmy Kébé
2.1%
Rwanda (74)Mohammed Tchité
2%
England (61)Myles Weston
1.8%
Spain (74)Crusat
1.7%
Ecuador (71)Joffre Guerrón
1.3%
Belgium (71)Jonathan Legear
1%
Germany (72)Mike Könnecke
1%
Belgium (69)Derick Katuku Tshimanga
0.8%
Nigeria (67)Nnamdi Oduamadi
0.7%

You're not logged in!

Compare scores with friends on all Sporcle quizzes.
OR
Log In

Sporcle TV

Today on Sporcle TV


Watch our educational content, quiz creation guides, and fun videos on Sporcle TV.

Show Comments

Extras

Top Quizzes Today


Score Distribution

Paid Content

Your Account Isn't Verified!

In order to create a playlist on Sporcle, you need to verify the email address you used during registration. Go to your Sporcle Settings to finish the process.

Report this User

Report this user for behavior that violates our Community Guidelines.

Details: